Psychoanalysis and culture : contemporary states of mind /

Psychoanalytic perspectives: Freud: sexuality and the unconscious; Klein: phantasy and reparation; Winnicott: the mother and creativity; Lacan: the unconscious as language. Control or containment?: making sense of experience: difference: the fluidity of gender; Womb-envy and women as'too much o...

पूर्ण विवरण

में बचाया:
ग्रंथसूची विवरण
मुख्य लेखक: Minsky, Rosalind.
स्वरूप: पुस्तक
भाषा:English
प्रकाशित: Cambridge, UK : Polity Press, 1998.
विषय:
टैग : टैग जोड़ें
कोई टैग नहीं, इस रिकॉर्ड को टैग करने वाले पहले व्यक्ति बनें!
Thư viện lưu trữ: Mạng thư viện Đại học Đà Nẵng
LEADER 01225cam a2200349 i 4500
001 000047661
003 7352
005 20030313143551.0
008 010323|1998 vm 000 eng
020 |a 0745615805 
040 |a IRC  |c IRC  |d IRC 
041 0 |a eng 
082 1 4 |a 150.195  |b MI-R 
100 1 |a Minsky, Rosalind. 
245 0 0 |a Psychoanalysis and culture :  |b contemporary states of mind /  |c Rosalind Minsky. 
260 |a Cambridge, UK :  |b Polity Press,  |c 1998. 
300 |a 245 p. ;  |c 23cm. 
520 3 |a Psychoanalytic perspectives: Freud: sexuality and the unconscious; Klein: phantasy and reparation; Winnicott: the mother and creativity; Lacan: the unconscious as language. Control or containment?: making sense of experience: difference: the fluidity of gender; Womb-envy and women as'too much of a good thing'... 
630 0 4 |a Culture. 
630 0 4 |a Psychoanalysis. 
650 0 4 |a Psychoanalysis and culture. 
650 0 4 |a Popular culture  |x Psychological aspects. 
OWN |a DUT 
999 |a From the UDN01 
TYP |a Monograph 
TYP |a Printed language 
980 |a Mạng thư viện Đại học Đà Nẵng